| 000 | 00480nam a22001697a 4500 | ||
|---|---|---|---|
| 008 | 240911b |||||||| |||| 00| 0 eng d | ||
| 020 | _a9789937140713 | ||
| 082 |
_223rd. _a612/N351p |
||
| 100 | _aNepal, Ojashwi | ||
| 245 |
_aPhysiology highlights:volume I/ _cOjashwi Nepal, Reena Jha and Bibek Koju. |
||
| 260 |
_aDhulikhel: _bOjashwi Nepal, _c2080BS. |
||
| 300 | _a264p. | ||
| 650 | _aHuman Psysiology | ||
| 700 | _aReena Jha | ||
| 700 | _aBibek Koju | ||
| 942 |
_2ddc _cISBN |
||
| 999 |
_c116801 _d116789 |
||